[Event "Stockholm"]
[Site "Stockholm"]
[Date "2002.08.11"]
[Round "9"]
[White "Couso, Luis"]
[Black "Ernst, Thomas"]
[Result "0-1"]
[WhiteElo "2345"]
[BlackElo "2462"]
[Annotator "Ernst,T"]
[PlyCount "96"]
[EventDate "2002.08.03"]
[EventType "tourn"]
[EventRounds "9"]
[EventCountry "SWE"]
[EventCategory "8"]
[SourceTitle "CBM 091"]
[Source "ChessBase"]
[SourceDate "2002.11.12"]
[SourceVersion "1"]
[SourceVersionDate "2002.11.12"]
[SourceQuality "1"]

1. e4 e5 2. Nf3 Nc6 3. Bb5 a6 4. Ba4 Nf6 5. O-O Be7 6. Re1 b5 7. Bb3 d6 8. c3
O-O 9. h3 h6 10. d4 Re8 11. Nbd2 Bf8 12. d5 {Very unusual.} Na5 13. Bc2 Bd7 (
13... c6 {Smyslov} 14. b4 Nc4 15. Nxc4 bxc4 16. dxc6 Qc7 17. Ba4 $13) 14. b4
Nb7 15. a3 c6 16. c4 $14 Qc7 17. dxc6 Bxc6 18. Bb2 Nd8 {A time-wasting plan to
get the knight into play.} 19. Rc1 Ne6 20. Bb1 Rac8 21. Nb3 $1 {Heading for a5.
} bxc4 22. Na5 Ba8 23. Nxc4 Qb8 24. Qd3 $1 Bc6 (24... Nf4 25. Qe3 $14) (24...
Rc7 25. Qe3 $14) (24... d5 $2 25. exd5 e4 26. Rxe4 Nxe4 27. Qxe4 g6 28. Rd1
Rcd8 29. Ne3 Bg7 30. Bxg7 Kxg7 31. Qg4 $16) 25. Qe3 Bb5 26. Bd3 Qb7 27. Nfd2
Nd7 (27... Nf4) 28. Bf1 Qb8 29. g3 (29. Nb3) 29... g6 30. h4 $6 h5 31. Bh3 Bg7
32. Qb3 Nb6 33. Nxb6 Rxc1 34. Rxc1 Qxb6 35. a4 $2 (35. Nc4 Qc6) (35. Bxe6 Rxe6
36. Rc8+ Bf8) 35... Bd7 36. Nc4 Qb8 37. Ne3 Bh6 $1 $17 38. Nd5 Bxc1 39. Nf6+
Kg7 40. Nxe8+ Qxe8 41. Bxc1 Nd4 $19 42. Bxd7 Qxd7 43. Qd1 (43. Qe3 Qxa4 44.
Qh6+ Kg8) 43... Qb7 44. Be3 Qxb4 45. Kg2 Qc4 46. a5 d5 47. Qa1 dxe4 48. Qa3 Nc2
0-1

[Event "Interzonal-11a"]
[Site "Riga"]
[Date "1979.09.07"]
[Round "3"]
[White "Tal, Mihail"]
[Black "Romanishin, Oleg M"]
[Result "1-0"]
[WhiteElo "2615"]
[BlackElo "2560"]
[Annotator "Ernst,T"]
[PlyCount "75"]
[EventDate "1979.09.05"]
[EventType "tourn"]
[EventRounds "17"]
[EventCountry "URS"]
[EventCategory "12"]
[SourceTitle "IZT"]
[Source "ChessBase"]
[SourceDate "1999.07.01"]
[SourceVersion "1"]
[SourceVersionDate "1999.07.01"]
[SourceQuality "1"]

1. e4 e5 2. Nf3 Nc6 3. Bb5 a6 4. Ba4 Nf6 5. O-O Be7 6. Re1 b5 7. Bb3 d6 8. c3
O-O 9. h3 Bb7 10. d4 Re8 11. Nbd2 Bf8 12. a3 h6 13. Bc2 Nb8 14. b4 Nbd7 15. Bb2
c5 16. bxc5 dxc5 (16... exd4 17. cxd4 dxc5 18. Bc3 Bd6 $13) 17. dxe5 $6 (17.
Nxe5 $1 Nxe5 18. dxe5 Nd7 19. f4 Qh4 20. Qf3 $14) 17... Nh5 $1 18. c4 Nf4 19.
cxb5 axb5 20. a4 Qb6 21. axb5 Rad8 22. Bc3 (22. Ra3 $5) 22... Qg6 23. Nh4 Qg5
24. Qg4 Qxg4 (24... Nxe5 $1 25. Bxe5 Qxg4 26. hxg4 Rxd2 $13) 25. hxg4 Nxe5 26.
Ra7 Bc8 27. Bb3 Rd7 $2 (27... c4 $1 28. Nxc4 Ned3 $13) 28. b6 Rb7 29. Bxe5 $1
Rxe5 30. Nc4 Ree7 31. Nd6 Rxa7 32. bxa7 Rxa7 33. Nxc8 Rc7 34. Nb6 Rb7 35. Rb1
$18 c4 36. Nxc4 Ne2+ 37. Kf1 Nc3 38. Rb2 1-0

[Event "EU-chT (Men) 21st"]
[Site "Heraklion"]
[Date "2017.10.28"]
[Round "1.2"]
[White "Naiditsch, Arkadij"]
[Black "Brunello, Sabino"]
[Result "0-1"]
[WhiteElo "2702"]
[BlackElo "2555"]
[Annotator "Fernandez,D"]
[PlyCount "112"]
[EventDate "2017.10.28"]
[EventType "team-swiss"]
[EventRounds "9"]
[EventCountry "GRE"]
[SourceTitle "CBM 182"]
[Source "ChessBase"]
[SourceDate "2018.01.17"]
[SourceVersion "1"]
[SourceVersionDate "2018.01.17"]
[SourceQuality "1"]
[WhiteTeam "Azerbaijan"]
[BlackTeam "Italy"]
[WhiteTeamCountry "AZE"]
[BlackTeamCountry "ITA"]
[WhiteClock "0:21:06"]
[BlackClock "0:04:15"]

{It would be very difficult indeed to do a whistle-stop tour of rounds 1 and 2
without a mention of the big team upset: Italy vs Azerbaijan. This particular
game began as a simple near-Breyer.} 1. e4 e5 2. Nf3 Nc6 3. Bb5 a6 4. Ba4 Nf6
5. d3 d6 6. c3 Be7 7. O-O O-O 8. Re1 Re8 9. Nbd2 Bf8 10. h3 h6 11. d4 b5 12.
Bc2 Bb7 13. a3 Nb8 14. b3 Nbd7 15. Bb2 g6 16. a4 c6 17. Bd3 {Interestingly,
this would be an absolute main line if White had played Nf1-g3 in place of b3,
Bb2.} Qc7 18. Qc2 Bg7 19. c4 bxa4 20. c5 {A positional motif worth
remembering- I personally don't need the reminder thanks to Kunte-Fernandez,
Sydney 2010.} axb3 (20... exd4 21. cxd6 Qxd6 22. Bxd4 $14) 21. Nxb3 d5 $1 (
21... dxc5 22. dxe5 Nh5 23. Nxc5 $14) 22. dxe5 Nxe4 23. Bxe4 dxe4 24. Rxe4 Nf8
25. Na5 (25. e6 $1 $14 {One of those moves that is not played out of fear the
compensation will vanish into thin air, but:} Nxe6 26. Bxg7 Nxg7 27. Na5 Bc8
28. Rxe8+ Nxe8 29. Qc3 {and White can always regain it by Qe5 or similar if he
so chooses}) 25... Bc8 26. Rd4 (26. Nd4 $1 {With hindsight, it is obvious that
White must play this, followed by f4.}) 26... Be6 27. Rd6 Bd5 28. Nh2 $2 (28.
Nd4 {leads to a mess, where Black probably stands better if he defends like a
machine.} Bxe5 29. Ndxc6 Bxd6 30. cxd6 Qxd6 31. Qc3 (31. Rd1 Be4 $3) 31... f6
32. Rd1 Rac8 33. Rxd5 Qxd5 34. Qxf6 Re1+ 35. Kh2 Qd7 $15) 28... Rab8 $1 {
'Noting' that White's long diagonal isn't great.} 29. Ng4 (29. f4 Ne6 $19)
29... Ne6 30. Qd2 (30. Ne3 {was the last chance}) 30... Nxc5 31. Rc1 (31. Qc2
Rxb2 $1 32. Qxb2 Qxd6 $1) 31... Rxb2 32. Qxb2 Qxa5 {And just like that it is
over!} 33. Qc2 Ne6 34. Rb1 Nd4 35. Qd3 Nf5 36. Rd7 Qa4 37. Rdb7 h5 38. R7b4 Qa5
39. Nf6+ Bxf6 40. exf6 Qc7 41. Qxa6 Qd6 42. Qa1 c5 43. Rb6 Qf4 44. Re1 Rxe1+
45. Qxe1 Qg5 46. g3 Nd4 47. Qe3 Nf3+ 48. Kf1 Qxe3 49. fxe3 Ng5 50. g4 h4 51.
Rd6 Be6 52. Kg2 c4 53. Rd4 Kh7 54. Kf1 Kh6 55. Kg2 c3 56. Rd8 c2 0-1

[Event "Interzonal-14b"]
[Site "Szirak"]
[Date "1987.??.??"]
[Round "11"]
[White "Nunn, John DM"]
[Black "Milos, Gilberto"]
[Result "1-0"]
[WhiteElo "2585"]
[BlackElo "2495"]
[Annotator "Ftacnik,L"]
[PlyCount "80"]
[EventDate "1987.07.??"]
[EventType "tourn"]
[EventRounds "17"]
[EventCountry "HUN"]
[EventCategory "12"]
[SourceTitle "CBM 003"]
[Source "ChessBase"]
[SourceDate "1988.04.01"]
[SourceVersion "1"]
[SourceVersionDate "1988.04.01"]
[SourceQuality "1"]

1. e4 e5 2. Nf3 Nc6 3. Bb5 a6 4. Ba4 Nf6 5. O-O Be7 6. Re1 b5 7. Bb3 O-O 8. c3
d6 9. h3 h6 10. d4 Re8 11. Nbd2 Bf8 12. Nf1 Bb7 13. Ng3 Na5 14. Bc2 Nc4 15. b3
Nb6 16. a4 bxa4 17. bxa4 a5 18. Bd3 d5 (18... Qd7) 19. exd5 $1 (19. Nxe5 $10)
19... exd4 (19... Nfxd5 20. Nxe5 Nxc3 21. Qc2 (21. Qg4 $16) 21... Qd5 22. Ne4
Qxd4 (22... Nxe4 23. Bxe4 Qxd4 24. Bh7+) (22... Bb4 23. Bxh6) 23. Nf6+ $1 (23.
Qxc3 $2 Qxe5) 23... gxf6 24. Bh7+ Kg7 25. Bxh6+ Kxh6 26. Nxf7+ Kh5 27. Qg6+ Kh4
28. g3+) 20. Rxe8 Qxe8 (20... Nxe8 21. c4 c5 22. dxc6 Bxc6 23. Ne5 $1 (23. Nxd4
Bxa4 $13) 23... Bb7 24. Bb2 $16 {/\} Bc5 25. Qh5 (25. Nxf7 $6 Qe7 $1) 25... Qf6
(25... Qe7 26. Nf5 $16) 26. Ng4 $16) 21. c4 $2 (21. Bb5 {/\ c4+/- >< d4}) 21...
c6 (21... c5 $2 22. Rb1 $16) 22. Rb1 (22. Nf5 cxd5 23. c5 Bxc5 24. Bxh6 Bf8 (
24... gxh6 25. Nxh6+ $13) 25. Qc1 $13) 22... Bb4 23. d6 $2 (23. Bd2 cxd5 $1 (
23... c5 24. Bxh6 gxh6 25. Nf5 $16) 24. Bxb4 axb4 25. Rxb4 dxc4 26. Rxb6 Bxf3
27. Qxf3 cxd3 $15) (23. Nf5 $1 cxd5 24. c5 Nxa4 25. Bxh6 $13) 23... c5 (23...
Qe6 24. Nxd4 $1 (24. c5 Bxc5 25. Bxh6 gxh6 26. Qc1 $13) 24... Qxd6 25. Ndf5 $16
) 24. Nf5 Qe6 $1 $17 {/\ c4, d6} 25. Rb2 Ne4 $2 (25... Bxf3 $2 26. gxf3 {
/\ Re2+/-}) (25... Nxc4 $13) (25... Be4 $1 26. Ne7+ Kf8 27. Re2 Nxc4 $17) 26.
N3h4 $1 $16 {/\ Qg4} Ng5 27. Re2 Qf6 28. Re7 Bc6 29. Qg4 $18 Re8 30. Bf4 Bd7
31. Be5 Qxe5 32. Rxe5 Rxe5 33. f4 Re1+ 34. Kh2 Ne6 35. Nxh6+ Kf8 36. N6f5 (36.
Nxf7 $1 Nd8 (36... Kxf7 37. Bg6+ Kg8 38. Qh5 $18) 37. Ng6+ Kxf7 38. Qh5 $18)
36... Bd2 37. Qh5 Bxf4+ 38. g3 Bh6 39. Nxh6 gxh6 40. Qxh6+ Ke8 1-0

[Event "New York Hudson"]
[Site "New York"]
[Date "1993.??.??"]
[Round "6"]
[White "Shabalov, Alexander"]
[Black "Goldin, Alexander"]
[Result "1-0"]
[WhiteElo "2575"]
[BlackElo "2555"]
[Annotator "Ftacnik,L"]
[PlyCount "89"]
[EventDate "1993.??.??"]
[EventType "tourn"]
[EventRounds "9"]
[EventCountry "USA"]
[EventCategory "13"]
[SourceTitle "CBM 035"]
[Source "ChessBase"]
[SourceDate "1993.08.01"]
[SourceVersion "1"]
[SourceVersionDate "1993.08.01"]
[SourceQuality "1"]

1. e4 e5 2. Nf3 Nc6 3. Bb5 a6 4. Ba4 Nf6 5. O-O Be7 6. Re1 b5 7. Bb3 d6 8. c3
O-O 9. h3 Re8 10. d4 h6 11. a3 $5 Bf8 12. Nbd2 Bb7 13. Ba2 Qd7 14. b4 a5 $1 15.
d5 Ne7 16. c4 $1 axb4 (16... c6 17. dxc6 Qxc6 18. cxb5 Qxb5 19. Qb3 $1) 17.
cxb5 Qxb5 18. Rb1 c5 $1 19. Bc4 (19. dxc6 Nxc6 20. Bc4 (20. Qb3 d5 21. exd5 Nd4
) 20... Qa4 21. axb4 (21. Bb3 Qa5 22. Nc4 Qc7) 21... Qxd1 22. Rxd1 d5 $1 23.
exd5 Nxb4) 19... Qa5 20. axb4 cxb4 21. Qb3 Reb8 22. Qxb4 Qxb4 23. Rxb4 Nd7 24.
g4 (24. Re3 f5) 24... Ng6 25. Nf1 Bc8 26. Rxb8 Rxb8 27. Be3 Nf4 28. Kh2 Be7 29.
Ng3 g6 30. Rc1 Nf6 31. Bf1 Bd7 (31... h5 32. g5 (32. gxh5 N4xh5 33. Nd2 Nxg3
34. fxg3 Bd7 $15) 32... Nh7 33. h4 Bg4 34. Nd2 f6 $15) 32. Rc7 Bd8 33. Ra7 Bb6
34. Ra6 Bxg4 $5 35. Bxb6 (35. hxg4 Nxg4+ 36. Kh1 Nxf2+ 37. Bxf2 Bxf2 38. Ne2
Nxe2 39. Bxe2 Rb2 $36) 35... Bxf3 36. Bc7 Rb2 $4 (36... Rc8 $1 37. Bxd6 Nxe4
38. Bxe5 Nxd5 $15) 37. Bxd6 Rxf2+ 38. Kg1 Nxe4 39. Bxe5 $1 (39. Nxe4 Rxf1+ 40.
Kxf1 Be2+ 41. Kg1 Bxa6 42. Bxe5 Nxd5 $17) 39... Rxf1+ 40. Nxf1 g5 (40... Ne2+
$1 41. Kh2 f6 42. Bxf6 Nxf6 43. Rxf6 Bxd5 44. Rxg6+ Kh7 45. Rd6 $18) 41. d6 Nc5
42. Bxf4 gxf4 (42... Nxa6 43. d7 $18) 43. Nd2 Be2 44. Ra7 Kf8 45. Rc7 1-0

[Event "Interpolis-03"]
[Site "Tilburg"]
[Date "1979.11.14"]
[Round "10"]
[White "Timman, Jan H"]
[Black "Karpov, Anatoly"]
[Result "1/2-1/2"]
[WhiteElo "2625"]
[BlackElo "2705"]
[Annotator "Ftacnik,L"]
[PlyCount "52"]
[EventDate "1979.11.01"]
[EventType "tourn"]
[EventRounds "11"]
[EventCountry "NED"]
[EventCategory "15"]
[SourceTitle "MCL"]
[Source "ChessBase"]
[SourceDate "1999.07.01"]
[SourceVersion "1"]
[SourceVersionDate "1999.07.01"]
[SourceQuality "1"]

1. e4 e5 2. Nf3 Nc6 3. Bb5 a6 4. Ba4 Nf6 5. O-O Be7 6. Re1 b5 7. Bb3 d6 8. c3
O-O 9. h3 Bb7 10. d4 Re8 11. Nbd2 Bf8 12. a3 h6 13. Bc2 Nb8 14. b4 Nbd7 15. Bb2
g6 (15... a5 16. Bd3 c6 17. Nb3 axb4 18. cxb4 exd4 19. Nfxd4 c5 $1 {
Hjartarson-Karpov/Seattle/1989}) 16. c4 (16. Qb1 Bg7 17. Nb3 Rc8 18. Na5 Ba8
19. d5 Nb6 20. a4 Qd7 21. axb5 axb5 22. Bd3 Nh5 23. c4 bxc4 24. Nxc4 Nf4 25.
Nxb6 cxb6 26. Bc1 Bb7 27. Ra7 Ra8 28. Rxa8 Rxa8 29. Be3 {N} (29. Bxf4 $6 exf4
30. Qc1 g5 31. Qd2 Rc8 32. Qe2 Bc3 {1/2/Psakhis-Portisch/Sarajevo/1986} 33. Bb5
Qe7 34. Rb1 f5 $15) 29... Bc8 (29... Ra3 $5) 30. Bf1 g5 31. Nd2 b5 32. Nb3 g4
33. hxg4 Qxg4 34. Na5 Qg6 35. Bxf4 exf4 36. Qc1 f3 37. Qc6 fxg2 38. Qxa8
gxf1=Q+ 39. Kxf1 Qg4 40. Re3 $10) 16... exd4 (16... bxc4 17. dxe5) 17. cxb5
axb5 18. Nxd4 c6 19. a4 (19. N4b3 Rc8 20. a4 {Huebner-Kavalek/Tilburg/1979})
19... bxa4 20. Bxa4 Rc8 (20... Qb6 21. Nc2 $5 Qc7 22. Bb3 Ba6 $1 {
Timman-Kasparov/Hilversum/1985}) 21. Rc1 c5 22. bxc5 dxc5 23. N4f3 Bc6 24. Bxc6
(24. Bb3 Nxe4 $2 (24... Nh5 25. e5 Nf4 $14) 25. Bxf7+ Kxf7 26. Qb3+) 24... Rxc6
25. Nc4 Nb6 26. Qxd8 Rxd8 1/2-1/2

[Event "Bermuda"]
[Site "Bermuda"]
[Date "2004.01.18"]
[Round "4"]
[White "Gelfand, Boris"]
[Black "Vescovi, Giovanni P"]
[Result "1/2-1/2"]
[WhiteElo "2709"]
[BlackElo "2633"]
[Annotator "Gelfand,B"]
[PlyCount "75"]
[EventDate "2004.01.15"]
[EventType "tourn"]
[EventRounds "10"]
[EventCountry "BER"]
[EventCategory "16"]
[SourceTitle "CBM 099"]
[Source "ChessBase"]
[SourceDate "2004.03.30"]
[SourceVersion "1"]
[SourceVersionDate "2004.03.30"]
[SourceQuality "1"]

1. e4 e5 2. Nf3 Nc6 3. Bb5 a6 4. Ba4 Nf6 5. O-O Be7 6. Re1 b5 7. Bb3 d6 8. c3
O-O 9. h3 Bb7 10. d4 Re8 11. Nbd2 Bf8 12. a3 h6 13. Bc2 Nb8 14. b3 Nbd7 15. Bb2
g6 16. a4 c6 17. Bd3 $5 $146 Qc7 18. Qc2 Rac8 19. b4 (19. axb5 axb5 (19... cxb5
) 20. b4) 19... Nb6 20. axb5 cxb5 (20... axb5 21. Nb3 $14 (21. c4 $5) 21... Nc4
$140 $5 22. Bxc4 bxc4 23. Na5 exd4 24. Nxd4 d5 25. e5 $36) 21. d5 h5 (21... Na4
22. c4 $14 (22. Rxa4 $5 bxa4 23. Qxa4 (23. Nc4 $2 Bxd5 24. exd5 e4) 23... a5 $5
24. bxa5 $5 $44)) 22. Nb3 Bh6 (22... Nc4 23. Bxc4 bxc4 24. Na5 Ba8 25. Bc1 $16)
(22... Na4 23. Rxa4 bxa4 24. Na5 a3 25. Ba1 Bh6 26. c4 $16) 23. Na5 Ba8 24. Bf1
$1 {/\Bc1} Nbxd5 (24... Kh7 25. Ra3 $14) 25. exd5 Nxd5 (25... Bxd5 26. Nd2 $143
$44) 26. c4 $1 Nb6 (26... Nxb4 27. Qb3 Nc6 28. Nxc6 Bxc6 29. Rxa6 $16 (29. cxb5
axb5 $16)) (26... Nf4 27. Qb3 $18) 27. c5 Na4 $2 (27... Bxf3 $142 28. gxf3 dxc5
29. bxc5 (29. Qxc5 $2 Qxc5 (29... Qd8 30. Nc6 Qf6 (30... Qg5+ 31. Bg2 Qf6 32.
f4) 31. Rxe5) 30. bxc5 Na4 $1 (30... Rxc5 31. Bd4) 31. Bxe5 $140 Bd2) 29... Na4
(29... Qxc5 30. Qxc5 Rxc5 31. Bd4 $18) 30. Nb3 $14) 28. Rxa4 $1 (28. Nb3 Bxf3
29. gxf3 dxc5 30. Nxc5 $1 Nxc5 31. bxc5 Qxc5 32. Qxc5 Rxc5 33. Rxa6 b4 34. Re4
$1 Bd2 35. Bc4 Rec8 36. Bb3 $16) (28. c6 Bxc6 29. Nxc6 Qxc6 30. Qxc6 Rxc6 $44)
28... bxa4 29. Bxa6 Rb8 30. Qxa4 (30. Bc4 $5 Bxf3 (30... d5 31. Bxe5 Rxe5 32.
Nxe5 Re8 (32... dxc4 33. Nexc4 $18) 33. Bf1 $18) 31. gxf3 Rxb4 (31... Bg7 32.
Qxa4 dxc5 33. Qc6 $18) 32. cxd6 (32. Ba3 dxc5 33. Bxb4 cxb4 34. Qxa4 $16) 32...
Qxd6 33. Ba3 $18) (30. Nc4 $1 Bxf3 (30... Qc6 31. b5) (30... a3 31. Bxa3) 31.
Nxd6 $18) 30... Bxf3 31. gxf3 (31. Nc4 dxc5 32. gxf3 cxb4 33. Bxe5 Qc5 $132)
31... dxc5 (31... Bd2 $5 32. Re4 $3 (32. Re2 Bxb4 33. Nc6 Qd7 34. Bb5 Rxb5 35.
Qxb5 Bxc5 $44) (32. Rd1 Bxb4 33. Nc6 Bxc5 $1 34. Nxb8 Rxb8 $44) (32. Qc6 Qxc6 (
32... Qd8 $5) 33. Nxc6 Bxe1 34. Nxb8 dxc5 $1 (34... Rxb8 35. c6 Bxb4 36. c7 Rf8
37. f4 $1 $16) 35. Nd7 Rd8 36. Nf6+ Kg7 $11) (32. cxd6 Qxd6 33. Nc4 (33. Nb7
Qf6 34. Re4) 33... Qxb4 34. Qxb4 Rxb4 35. Rxe5 Ra8 36. Bb5 Bh6 $1 $11) 32...
dxc5 (32... d5 33. Re2 Bxb4 34. Nc6 Bxc5 35. Nxb8 Qxb8 36. Qc6 $18) 33. Nc6 Qd7
34. b5 Qxh3 35. Bxe5 Ra8 36. b6 Qxf3 37. b7 Rxa6 38. Ne7+ $1 $18) 32. Nc6 Qd7 (
32... Rb6 33. b5) 33. b5 $2 (33. Rd1 $1 Rxb4 (33... Qxh3 34. Nxb8 Rxb8 35. Bxe5
) 34. Rxd7 Rxa4 35. Bb5 Ra2 36. Bxe5 Rc2 $1 37. Ne7+ Kf8 (37... Kh7 38. Kg2 $1
(38. Nxg6 Rg8 $1 (38... Rc1+ 39. Kg2 Kxg6 40. Rd6+ Re6 41. Bd3+ Kg5 42. Rxe6
fxe6 43. f4+ Kh4 44. Bf6+) 39. Bd3 Rxg6+ 40. Kh1 Rc1+ 41. Kh2 Bg7 42. Rxf7 Kg8
43. Bxg6 Bxe5+ $14) 38... Bg7 39. Nxg6 Rg8 (39... Bxe5 40. Nxe5) 40. Bd3 $18)
38. f4 $1 c4 39. f5 $18) (33. Bb5 $5 Ra8 (33... Qxh3 34. Bf1 Qd7 35. b5 $16)
34. Na5 Qxh3 35. Bxe8 Bf4 36. Bxe5 Qh2+ 37. Kf1 Qh3+ 38. Ke2 Bxe5 $16) 33...
Qd2 (33... Qxh3 34. Nxb8 Bf4 $140 35. Qxf4 exf4 36. Rxe8+) 34. Qa1 Qg5+ 35. Kf1
Qf5 $1 36. Kg2 (36. Bxe5 $5 Qxh3+ (36... Qxf3 37. Kg1 Ra8 (37... Bd2 38. Qd1
$18 (38. Nxb8 Bxe1 39. Qxe1 Rd8)) (37... Qxh3 38. Bxb8 Rxb8 39. Qe5 $18) 38.
Qc3 $18) 37. Kg1 Ra8 38. Qc3 Re6 39. Rd1 $5 $13 (39. b6 $2 Rxc6 (39... Rxa6 40.
b7 Rb6 41. b8=Q+ Rxb8 42. Nxb8 $16) 40. Bb7 Ra4 $1 41. Bxc6 Rh4 $19)) (36. Rxe5
$6 Qxh3+ (36... Qxf3 37. Kg1 (37. Nxb8 Rxe5 38. Bxe5 Qh1+ 39. Ke2 Qe4+ $11)
37... Qxh3 38. Qa3 $16) 37. Ke2 Rxe5+ 38. Bxe5 Re8 39. b6 Qd7 $17) 36... Qg5+
37. Kf1 Qf5 38. Kg2 1/2-1/2

[Event "Match/Team URS-World 20,5-19,5"]
[Site "Belgrade"]
[Date "1970.03.29"]
[Round "1.5"]
[White "Geller, Efim P"]
[Black "Gligoric, Svetozar"]
[Result "1-0"]
[WhiteElo "2660"]
[BlackElo "2580"]
[Annotator "Geller/Gligoric"]
[PlyCount "79"]
[EventDate "1970.03.29"]
[EventType "team"]
[EventRounds "4"]
[EventCountry "YUG"]
[SourceTitle "MCL"]
[Source "ChessBase"]
[SourceDate "1999.07.01"]
[SourceVersion "1"]
[SourceVersionDate "1999.07.01"]
[SourceQuality "1"]
[WhiteTeam "Soviet Union"]
[BlackTeam "World"]
[WhiteTeamCountry "URS"]
[TimeControl "40/9000:16/5400:0"]

1. e4 e5 2. Nf3 Nc6 3. Bb5 a6 4. Ba4 Nf6 5. O-O Be7 6. Re1 b5 7. Bb3 d6 8. c3
O-O 9. h3 h6 10. d4 Re8 11. Nbd2 Bf8 12. Nf1 Bb7 13. Ng3 Na5 14. Bc2 Nc4 15. b3
Nb6 16. Bb2 Nbd7 $146 (16... c5 17. dxe5 dxe5 18. c4 Qc7 19. Qe2 b4 $1 (19...
bxc4 $6 20. bxc4) 20. Rad1 Nbd7 21. Nd2 Nb8 22. Nf5 Nc6 23. f4 g6 24. fxe5 Nxe5
25. Ng3 Bg7 $10 {Geller-Gligoric/Soci/1968}) (16... c5 17. dxe5 dxe5 18. c4 Qc7
19. Qe2 b4 20. Nh2 Nbd7 21. Nhf1 Nb8 22. Ne3 Nc6 23. Nd5 Qd8 24. Nf1 Nxd5 25.
cxd5 Nd4 26. Qd1 a5 27. Bd3 Qf6 28. Ne3 Rec8 29. a4 g6 30. Nc4 Ba6 31. Ne3 Bb7
32. Nc4 {1/2-1/2 (32) Ivkov,B-Matanovic,A Belgrade 1969}) 17. Qd2 (17. a4 $1 {
Gligoric=:Gl}) (17. Qe2 $2 exd4 18. cxd4 Nxe4 $1 {Gl}) 17... c5 18. Rad1 Qa5 $2
{Gl} (18... Qc7 19. dxe5 dxe5 20. c4 Nb8 {P 21... c6 Gl}) 19. dxc5 dxc5 20. c4
$1 {Gl} (20. Bb1 $143 {Gl}) 20... b4 (20... Qxd2 $142 {P d7-b8-c6-d4 Geller=:Ge
} 21. Rxd2 $16 {Gl}) (20... Qxa2 21. Ra1 Qxb2 22. Reb1 {Gl}) 21. a4 Qc7 22. Nf5
Nb8 $2 {Gl/Ge} (22... Rad8 23. Qe2 {Gl}) 23. Nxe5 $1 {Ge/Gl} Rxe5 24. Bxe5 Qxe5
25. f4 Qe6 (25... Qc3 26. Qf2 {Ge}) 26. e5 Ne8 27. Nh4 $1 {Gl} (27. Nd6 Nxd6
28. exd6 Qf6 29. d7 Nc6 30. Re8 Nd4 $16 {Gl}) 27... Nc6 28. Qd3 g6 29. f5 gxf5
30. Nxf5 {P 31. e7, 32. h7# Ge/Gl} Qg6 (30... Bg7 31. Nxg7 Kxg7 (31... Nxg7 32.
Qh7+ Kf8 33. Qh8+ Ke7 34. Qxg7) 32. Qh7+ Kf8 33. Bf5 $1 $18 {Gl}) 31. Qe2 $18 (
31. Qd7 $18) 31... Qg5 $2 {Gl} (31... Qe6 32. Qe4 Qg6 33. Rd7 $1 (33. Re3 Nd8
34. Rd5 Bxd5 35. cxd5 {Ge}) 33... Bc8 34. e6 $1 Bxd7 35. exd7 Ng7 36. Nxg7 Kxg7
37. Qxg6+ fxg6 38. Be4 $18 {Ge}) 32. h4 Qf4 33. g3 Qxe5 34. Qg4+ Qg7 35. Nxg7
Nf6 36. Qf4 Bxg7 37. Qc7 Rb8 38. Rd6 Ng4 39. Rxc6 Bd4+ 40. Kf1 1-0

[Event "Match/Team URS-World 20,5-19,5"]
[Site "Belgrade"]
[Date "1970.04.02"]
[Round "3.5"]
[White "Geller, Efim P"]
[Black "Gligoric, Svetozar"]
[Result "1/2-1/2"]
[WhiteElo "2660"]
[BlackElo "2580"]
[Annotator "Geller/Gligoric"]
[PlyCount "49"]
[EventDate "1970.03.29"]
[EventType "team"]
[EventRounds "4"]
[EventCountry "YUG"]
[SourceTitle "MCL"]
[Source "ChessBase"]
[SourceDate "1999.07.01"]
[SourceVersion "1"]
[SourceVersionDate "1999.07.01"]
[SourceQuality "1"]
[WhiteTeam "Soviet Union"]
[BlackTeam "World"]
[WhiteTeamCountry "URS"]
[TimeControl "40/9000:16/5400:0"]

1. e4 e5 2. Nf3 Nc6 3. Bb5 a6 4. Ba4 Nf6 5. O-O Be7 6. Re1 b5 7. Bb3 d6 8. c3
O-O 9. h3 h6 10. d4 Re8 11. Nbd2 Bf8 12. Nf1 Bb7 13. Ng3 Na5 14. Bc2 Nc4 15. b3
Nb6 16. Bb2 c5 (16... Nbd7 {Compare first game. Gligoric=:Gl}) 17. dxe5 dxe5
18. c4 Nbd7 $146 {Gl} (18... Qc7 19. Qe2 b4 20. Rad1 Nbd7 21. Nh2 Nb8 22. Nf5
Nc6 23. f4 g6 24. fxe5 Nxe5 25. Ng3 Bg7 26. Qf2 Nfd7 27. Bb1 Nf8 28. Nhf1 Ne6 {
1/2-1/2 (28) Geller,E-Gligoric,S Sochi 1968}) 19. Qe2 (19. cxb5 axb5 20. Bd3
Qb6 21. Qe2 Bc6 {Gl}) 19... b4 20. Rad1 Qa5 $1 {Gl} 21. Bb1 Re6 $1 {Gl/Geller=:
Ge} 22. Nf5 Rae8 23. Ne3 Nb8 24. Nd5 Nc6 25. Rd2 (25. Rd2 Nd4 26. Qd1 {Gl})
1/2-1/2

[Event "Interpolis-03"]
[Site "Tilburg"]
[Date "1979.11.02"]
[Round "2"]
[White "Huebner, Robert"]
[Black "Kavalek, Lubomir"]
[Result "1/2-1/2"]
[WhiteElo "2595"]
[BlackElo "2590"]
[Annotator "Gligoric,S"]
[PlyCount "58"]
[EventDate "1979.11.01"]
[EventType "tourn"]
[EventRounds "11"]
[EventCountry "NED"]
[EventCategory "15"]
[SourceTitle "MCL"]
[Source "ChessBase"]
[SourceDate "1999.07.01"]
[SourceVersion "1"]
[SourceVersionDate "1999.07.01"]
[SourceQuality "1"]

1. e4 e5 2. Nf3 Nc6 3. Bb5 a6 4. Ba4 Nf6 5. O-O Be7 6. Re1 b5 7. Bb3 d6 8. c3
O-O 9. h3 Bb7 10. d4 Re8 11. Nbd2 (11. Ng5 Rf8 12. Nf3 (12. f4 exf4 13. Bxf4
Na5 14. Bc2 Nd5 $1 $17 {Ljubojevic-Gligoric/Belgrad m/1979}) 12... Re8 $10)
11... Bf8 12. a3 {Tal} (12. Bc2 g6 13. d5 Nb8 14. b3 c6 15. c4) 12... h6 (12...
g6 13. Ba2 Bg7 14. b4 Qe7 15. Bb2 a5 16. d5 Nd8 17. Nb3 axb4 18. cxb4 c6 19.
Na5 {-><< Belyavsky-Gligoric/Novi Sad/1979}) 13. Bc2 g6 (13... Nb8 14. b4 Nbd7
15. Bb2 c5 $6 16. bxc5 dxc5 17. dxe5 Nh5 (17... Nxe5 18. Nxe5 Rxe5 19. c4 $16)
18. c4 Nf4 19. cxb5 axb5 20. a4 Qb6 21. axb5 Rad8 22. Bc3 Qg6 23. Nh4 Qg5 24.
Qg4 $13 {Tal-Romanishin/Riga itz/1979}) 14. b4 Nb8 15. Bb2 Nbd7 16. c4 exd4 (
16... bxc4 $2 17. dxe5 {/\18.Sc4+/-}) 17. cxb5 (17. Nxd4 $6 bxc4) 17... axb5
18. Nxd4 c6 19. N4b3 {/\20.Sa5} Rc8 20. a4 bxa4 21. Rxa4 Ba8 22. Qa1 $36 Nh5
23. Nf3 c5 $1 24. bxc5 Nxc5 25. Nxc5 Rxc5 26. Bb3 Rc7 $1 27. Qa2 Qb8 28. Re3 {
/\29.e5} (28. e5 Bxf3 {/\29... Tb7}) 28... Bc6 29. Rd4 Ra7 1/2-1/2